تعال معي إلى الكونسير مع الكاريكاتير في موسيقى سيد درويش / (رقم التسجيلة. 7024)

تفاصيل مارك
000 -LEADER
fixed length control field 00578nam a22001697a 4500
005 - DATE AND TIME OF LATEST TRANSACTION
control field 20251108164231.0
008 - FIXED-LENGTH DATA ELEMENTS--GENERAL INFORMATION
fixed length control field 250721s1980 xx 000 0 ara d
082 14 - DEWEY DECIMAL CLASSIFICATION NUMBER
Classification number 785.6/يحي
100 1# - MAIN ENTRY--PERSONAL NAME
Personal name حقي، يحيى
245 10 - TITLE STATEMENT
Title تعال معي إلى الكونسير مع الكاريكاتير في موسيقى سيد درويش /
264 1# - PRODUCTION, PUBLICATION, DISTRIBUTION, MANUFACTURE, AND COPYRIGHT NOTICE
Place of production, publication, distribution, manufacture القاهره :
Name of producer, publisher, distributor, manufacturer الهيئه المصريه العامه للكتاب،
Date of production, publication, distribution, manufacture, or copyright notice 1980.
300 ## - PHYSICAL DESCRIPTION
Extent 120ص
490 0# - SERIES STATEMENT
Series statement الكتابات النقديه ؛ 3
650 17 - SUBJECT ADDED ENTRY--TOPICAL TERM
Topical term or geographic name as entry element الكونسرتينة
942 ## - ADDED ENTRY ELEMENTS (KOHA)
Source of classification or shelving scheme Dewey Decimal Classification
Koha item type كتب
المقتنيات
حالة السحب حالة الفقدان مصدر التصنيف حالة التلف غير قابل للإعارة المكتبة الرئيسية المكتبة الحالية موقع الرف تاريخ التزويد الرقم المتسلسل Total Checkouts رقم الإستدعاء الباركود تاريخ آخر ظهور تاريخ الفاتورة نوع المادة (كوها)
    Dewey Decimal Classification     المكتبة المركزية المكتبة المركزية الإعارة 06/07/2004 167684   785.6/يحي 167684 28/07/2025 06/07/2004 كتب
Implemented & Customized by: BBB with SCIT (Smart Chains for Information Technology)

Powered by Koha